Dos especies nuevas de Conyza (<Asteraceae, Astereae>) originarias de Colombia (Registro nro. 14094)

Detalles MARC
000 -CABECERA
Campo de control 004410000a22001210004500
090 ## - CLASIFICACIÓN LOCAL
Colección AS
Consecutivo Seriadas
041 0# - IDIOMA
Código de idioma para texto/pista de sonido o título separado
100 1# - ASIENTO PRINCIPAL--NOMBRE PERSONAL
Nombre personal Díaz Piedrahita, Santiago
245 10 - MENCION DE TITULO
Título Dos especies nuevas de Conyza (<Asteraceae, Astereae>) originarias de Colombia
700 1# - ASIENTO SECUNDARIO - NOMBRE PERSONAL
Nombre personal Correa M., Alejandra
773 1# - Item fuente:
Título Revista de la Academia Colombiana de Ciencias Exactas, Fisicas y Naturales
Especificación de materiales 32
Descripción física 95
Paginas del Articulo 179-182
Lugar, editorial y fecha de publicación 2001
Información sobre la relación 25
942 ## - ELEMENTOS ADICIONALES (KOHA)
Tipo de ítem Artículo

No hay ítems disponibles.